Mathematical Models in Biology An Introduction (Record no. 23422)

000 -LEADER
fixed length control field 00337nam a22001097a 4500
008 - FIXED-LENGTH DATA ELEMENTS--GENERAL INFORMATION
fixed length control field 130913b xxu||||| |||| 00| 0 eng d
020 ## - INTERNATIONAL STANDARD BOOK NUMBER
International Standard Book Number 0521615550
Terms of availability Available
050 ## - LIBRARY OF CONGRESS CALL NUMBER
Classification number 570.15118 ALL
082 ## - DEWEY DECIMAL CLASSIFICATION NUMBER
Author Mark 001600
245 ## - TITLE STATEMENT
Title Mathematical Models in Biology An Introduction
Statement of responsibility, etc. Allman S. Elizabeth
260 ## - PUBLICATION, DISTRIBUTION, ETC.
Place of publication, distribution, etc. America
Name of publisher, distributor, etc. Cambridge University Press
Date of publication, distribution, etc. 2004
Holdings
Withdrawn status Lost status Source of classification or shelving scheme Damaged status Not for loan Permanent Location Current Location Shelving location Date acquired Total Checkouts Total Renewals Barcode Checked out Date last seen Date last checked out Price effective from Koha item type
          School of Interdisciplinary Engineering and Sciences (SINES) School of Interdisciplinary Engineering and Sciences (SINES) General Stacks 12/18/2013 2 4 RCMS001600 01/10/2024 04/19/2021 04/19/2021 12/18/2013 Book
© 2023 Central Library, National University of Sciences and Technology. All Rights Reserved.